The UNIX programming environment (Record no. 5004)
[ view plain ]
| 000 -LEADER | |
|---|---|
| fixed length control field | 00451nam a2200169Ia 4500 |
| 003 - CONTROL NUMBER IDENTIFIER | |
| control field | SGT |
| 020 ## - INTERNATIONAL STANDARD BOOK NUMBER | |
| International Standard Book Number | 9788120304994 |
| 082 ## - DEWEY DECIMAL CLASSIFICATION NUMBER | |
| Classification number | 5.43 |
| Item number | KER |
| 100 ## - MAIN ENTRY--PERSONAL NAME | |
| Personal name | Kernighan,Brian W |
| 245 #4 - TITLE STATEMENT | |
| Title | The UNIX programming environment |
| 260 ## - PUBLICATION, DISTRIBUTION, ETC. (IMPRINT) | |
| Name of publisher, distributor, etc | PHI Learning Private Limited |
| Place of publication, distribution, etc | New Delhi |
| Year of Publication | 1984 |
| 300 ## - PAGE DESCRIPTION | |
| No. of Pages | 537p. |
| 650 ## - SUBJECT ADDED ENTRY--TOPICAL TERM | |
| Topical term or geographic name as entry element | COMPUTER SCIENCE |
| 653 ## - KEYWORDS--INDEX TERM | |
| Keyword term | UNIX FOR BEGINNERS, THE FILE SYSTEM USING THE SHELL,FILERS |
| 700 ## - ADDED ENTRY--PERSONAL NAME | |
| Personal name | Pike,Rob |
| 942 ## - ADDED ENTRY ELEMENTS (KOHA) | |
| Source of classification or shelving scheme | Dewey Decimal Classification |
| Koha item type | Books |
| Withdrawn status | Lost status | Source of classification or shelving scheme | Damaged status | Not for loan | Home library | Current library | Date acquired | SGTU | Total Checkouts | Full call number | Accession No. (Barcode) | Date last seen | Bill Date | Koha item type | Date last borrowed | Total Renewals |
|---|---|---|---|---|---|---|---|---|---|---|---|---|---|---|---|---|
| Dewey Decimal Classification | SGT Engineering Library | SGT Engineering Library | 14/05/2010 | SGTU | 5.43 KER | FE2220 | 09/02/2015 | 09/02/2015 | Books | |||||||
| Dewey Decimal Classification | SGT Engineering Library | SGT Engineering Library | 14/05/2010 | SGTU | 1 | 5.43 KER | FE2221 | 29/05/2018 | 09/02/2015 | Books | 01/02/2018 | |||||
| Dewey Decimal Classification | SGT Engineering Library | SGT Engineering Library | 14/05/2010 | SGTU | 1 | 5.43 KER | FE2222 | 08/12/2017 | 09/02/2015 | Books | 16/09/2017 | 2 | ||||
| Dewey Decimal Classification | SGT Engineering Library | SGT Engineering Library | 14/05/2010 | SGTU | 1 | 5.43 KER | FE2223 | 04/06/2018 | 09/02/2015 | Books | 19/03/2018 | |||||
| Dewey Decimal Classification | SGT Engineering Library | SGT Engineering Library | 14/05/2010 | SGTU | 1 | 5.43 KER | FE2224 | 04/06/2018 | 09/02/2015 | Books | 19/03/2018 | |||||
| Dewey Decimal Classification | SGT Engineering Library | SGT Engineering Library | 06/09/2012 | SGTU | 2 | 5.43 KER | FE5588 | 26/05/2018 | 09/02/2015 | Books | 01/05/2018 | 2 | ||||
| Dewey Decimal Classification | SGT Engineering Library | SGT Engineering Library | 06/09/2012 | SGTU | 2 | 5.43 KER | FE5589 | 26/05/2018 | 09/02/2015 | Books | 01/05/2018 |